Kabale University Library Catalogue

Foundations of college chemistry / (Record no. 5962)

MARC details
000 -LEADER
fixed length control field 00842cam a22002658i 4500
005 - DATE AND TIME OF LATEST TRANSACTION
control field 20260203121559.0
006 - FIXED-LENGTH DATA ELEMENTS--ADDITIONAL MATERIAL CHARACTERISTICS
fixed length control field m |o d |
007 - PHYSICAL DESCRIPTION FIXED FIELD--GENERAL INFORMATION
fixed length control field cr_|||||||||||
008 - FIXED-LENGTH DATA ELEMENTS--GENERAL INFORMATION
fixed length control field 210506s2022 nju o 001 0 eng
020 ## - INTERNATIONAL STANDARD BOOK NUMBER
International Standard Book Number 9781119889243
020 ## - INTERNATIONAL STANDARD BOOK NUMBER
International Standard Book Number 9781119889250
Qualifying information (epub)
020 ## - INTERNATIONAL STANDARD BOOK NUMBER
Canceled/invalid ISBN 9781119889267
Qualifying information (ePdf)
040 ## - CATALOGING SOURCE
Original cataloging agency KABLIB
Language of cataloging eng
Transcribing agency KABLIB
Description conventions rda
082 00 - DEWEY DECIMAL CLASSIFICATION NUMBER
Classification number 540
Edition number 23
Item number HEI
100 1# - MAIN ENTRY--PERSONAL NAME
Personal name Hein, Morris,
Relator term author.
9 (RLIN) 15039
245 10 - TITLE STATEMENT
Title Foundations of college chemistry /
Statement of responsibility, etc. Morris Hein, Susan Arena, Cary Willard.
250 ## - EDITION STATEMENT
Edition statement 16th ed.
264 #1 - PRODUCTION, PUBLICATION, DISTRIBUTION, MANUFACTURE, AND COPYRIGHT NOTICE
Place of production, publication, distribution, manufacture Hoboken :
Name of producer, publisher, distributor, manufacturer Wiley,
Date of production, publication, distribution, manufacture, or copyright notice c2022
300 ## - PHYSICAL DESCRIPTION
Extent xviii, 602 p. :
Other physical details col. ill. ;
Dimensions 28 cm.
500 ## - GENERAL NOTE
General note Includes appendix, glossary, index.
650 #0 - SUBJECT ADDED ENTRY--TOPICAL TERM
Topical term or geographic name entry element Chemistry
Form subdivision Textbooks.
9 (RLIN) 15040
700 1# - ADDED ENTRY--PERSONAL NAME
Personal name Arena, Susan,
Relator term author.
9 (RLIN) 15041
700 1# - ADDED ENTRY--PERSONAL NAME
Personal name Willard, Cary,
Relator term author.
9 (RLIN) 15042
942 ## - ADDED ENTRY ELEMENTS (KOHA)
Source of classification or shelving scheme Dewey Decimal Classification
Koha item type Book
Holdings
Withdrawn status Lost status Source of classification or shelving scheme Damaged status Not for loan Home library Current library Shelving location Date acquired Source of acquisition Total Checkouts Full call number Barcode Date last seen Price effective from Koha item type
    Dewey Decimal Classification     Education Library Education Library Open Access Section 03.02.2026 Purchased   540 HEI 14026 03.02.2026 03.02.2026 Book
    Dewey Decimal Classification     Education Library Education Library Open Access Section 03.02.2026 Purchased   540 HEI 14027 03.02.2026 03.02.2026 Book

Kabale University Library | Kabale University P.O Box 317, Kabale, Uganda
Tel : +256754017033, +256774661503 E-mail : library@kab.ac.ug